| 000 | 00487cam a2200193ua 4500 | ||
|---|---|---|---|
| 041 |
_aeng _h |
||
| 082 |
_a631.5871 _bBHA/FU |
||
| 100 | _aBharat, Singh . | ||
| 245 |
_aFundamentals of irrigation engineering / _cBharat Singh. _hTextual Documents |
||
| 250 |
_a1 / _b. |
||
| 260 |
_aRoorkel : _bNem Chand And Bros , _c1964. |
||
| 300 | _a528 ; . | ||
| 500 | _a19013-14 Scheme | ||
| 504 | _a | ||
| 942 | _cBK | ||
| 999 |
_c2307 _d2307 |
||